000 00678nam a22002177a 4500
003 KOHA_MİRAKIL
005 20260428084101.0
008 260427b tu ||||| |||| 00| 0 tur d
020 _a9786057947291
040 _aTR-AnABB
_btur
_cTR-AnABB
041 _atur
082 _a821.3
_bSID 2019
100 1 _aPhilip, Sidney
245 1 0 _aAstrophil ile Stella soneler/
_cSir Philip Sidney ; Türkçesi Nazmi Ağıl
260 _aİstanbul :
_bVakıfbank Kültür Yayınları,
_c2019
300 _a237 sayfa ;
_c20 cm
650 0 4 _aİngiliz edebiyatı, şiir
700 1 _aAğıl, Nazmi,
_eçeviren
_93568
900 _bCan ÇELIK
942 _2ddc
_cBK
999 _c10338
_d10338